00890nam a22002657a 4500001001300000003000900013005001700022007000300039008003400042040005400076041001000130072002500140100002100165110012300186245010500309260004200414300001000456500005800466650001000524650002300534650002400557650000900581650001400590650002000604BR2013007887BR-BrBNA20230928104256.0ta230509b bl.||||| |||| 00| 0 por d aBR-BrBNAbporcBiblioteca Nacional de Agricultura a(Por) aL02; L51b5240b89541 aCavalcanti, A.C.1 aUniversidade Federal de Minas Gerais, Belo Horizonte, MG (Brasil). Escola de Veterinária0Tese (Mestre em Zootecnia)1 aConsumo e digestibilidade aparente do feno de Andropogon Gayanus colhido em três diferentes idades3 aBelo Horizonte, MG (Brasil): c2010.  a35 p. aBibliography p. 30-35; Summaries (Eng, Por); 7 tables aOVINO aANDROPOGON GAYANUS aNUTRIÇÃO ANIMAL aFENO aRAÇÃO aVALOR NUTRITIVO